El túnel / (Registro nro. 3515)

Detalles MARC
000 -LEADER
fixed length control field 00887nam a2200229Ia 4500
003 - CONTROL NUMBER IDENTIFIER
control field OSt
005 - DATE AND TIME OF LATEST TRANSACTION
control field 20250429160528.0
008 - FIXED-LENGTH DATA ELEMENTS--GENERAL INFORMATION
fixed length control field 191128s1985 ck er 000 f spa d
020 ## - INTERNATIONAL STANDARD BOOK NUMBER
International Standard Book Number 9586140857
040 ## - CATALOGING SOURCE
Original cataloging agency CO-JMCR
Transcribing agency CO-JMCR
041 ## - LANGUAGE CODE
Language code of text/sound track or separate title spa
082 04 - DEWEY DECIMAL CLASSIFICATION NUMBER
Classification number A-N
Item number SABt
100 1# - MAIN ENTRY--PERSONAL NAME
Personal name Sábato, Ernesto,
Dates associated with a name 1911-2011
Relator term autor
9 (RLIN) 8096
245 13 - TITLE STATEMENT
Title El túnel /
Statement of responsibility, etc. Ernesto Sábato
260 ## - PUBLICATION, DISTRIBUTION, ETC.
Place of publication, distribution, etc. Bogotá :
Name of publisher, distributor, etc. Planeta,
Date of publication, distribution, etc. 1985
300 ## - PHYSICAL DESCRIPTION
Extent 137 páginas ;
Dimensions 19 cm
490 ## - SERIES STATEMENT
Series statement Literatura contemporánea
500 ## - GENERAL NOTE
General note Incluye biográfia del autor en contraportada.
520 ## - SUMMARY, ETC.
Summary, etc. La obra El Tunel, se inicia con Castel, quien se presenta a sí mismo como autor del crimen que relatará. Luego narra cómo conoce a Maria en una exposición de pintura que él expone y donde la muchacha es la única persona que se ha dado cuenta del detalle d
650 14 - SUBJECT ADDED ENTRY--TOPICAL TERM
Topical term or geographic name entry element Novela Adulto
9 (RLIN) 8097
942 ## - ADDED ENTRY ELEMENTS (KOHA)
Source of classification or shelving scheme Dewey Decimal Classification
Koha item type Books
Existencias
Withdrawn status Lost status Source of classification or shelving scheme Damaged status Not for loan Collection code Home library Current library Date acquired Source of acquisition Total Checkouts Total Renewals Full call number Barcode Date last seen Date last checked out Copy number Koha item type
    Dewey Decimal Classification     Fiction Biblioteca Pública José María del Castillo y Rada Biblioteca Pública José María del Castillo y Rada 11/28/2019 Donación 18 16 A-N SABt 201807372 06/13/2024 04/30/2024 Ej.1 Books